[Event "EU-ch 4th"]
[Site "Istanbul"]
[Date "2003.06.02"]
[Round "4"]
[White "Nijboer, Friso"]
[Black "Vaganian, Rafael A"]
[Result "1-0"]
[WhiteElo "2562"]
[BlackElo "2653"]
[Annotator "Psakhis,L"]
[PlyCount "103"]
[EventDate "2003.05.30"]
[EventType "swiss"]
[EventRounds "13"]
[EventCountry "TUR"]
[SourceTitle "CBM 096"]
[Source "ChessBase"]
[SourceDate "2003.09.25"]
[SourceVersion "1"]
[SourceVersionDate "2003.09.25"]
[SourceQuality "1"]

1. e4 e6 2. d4 d5 3. Nc3 Bb4 4. e5 c5 5. a3 Ba5 6. Qg4 Ne7 7. dxc5 Bxc3+ 8.
bxc3 Ng6 9. Nf3 Nd7 (9... Qa5 10. Bd2 Nd7 11. c4 Qc7 12. cxd5 O-O 13. Qd4 $1
exd5 14. Qxd5 Ndxe5 15. Nxe5 Nxe5 16. Qd6 Qxd6 17. cxd6 {1-0 Shirov,A-Atalik,S/
BIH t-ch Jahorina 2003/ (119) with better endgame.}) 10. Bd3 Qc7 11. O-O Nxc5
12. Be3 Bd7 (12... O-O 13. Bd4 b6 14. Rfe1 f5 15. Qh5 Nf4 16. Qh4 Ncxd3 17.
cxd3 Nxd3 18. Re3 Nc5 19. Ng5 h6 20. Nh3 Qd8 $13 {1/2-1/2 Svidler,P-Hug,W/
Zuerich 2001/CBM 83/[Psakhis] (24)}) 13. Bxc5 Qxc5 14. h4 Qxc3 15. Rfe1 $1 $146
{[%csl Ge5] Nijboer protects key pawn e5 and it is quite strange, that,
despite its obviousness, White's last move looks like a novelty.} (15. Qg3
O-O-O 16. Rab1 (16. h5 Ne7 17. Qxg7 $36) 16... f6 17. Rfe1 Nxe5 18. Nxe5 fxe5
19. Qxg7 Rdg8 20. Qxe5 Qxe5 21. Rxe5 Kc7 22. c4 {1/2-1/2 Leko,P-Vaganian,R/
Istanbul olm 2000/}) 15... h5 {[%csl Rg6]} (15... O-O-O 16. h5 Ne7 17. Qxg7
Rdf8 18. Qf6 $16) (15... Rg8 16. h5 Nf8 17. h6 $36) 16. Qg3 {It is clear that
White has long term compensation for the pawn.} O-O-O (16... Rh6 17. Ng5 {
[%csl Re8,Rg6,Rh6]}) 17. Rab1 (17. Bxg6 fxg6 18. Qxg6 Rdf8 {[%cal Gf8f3]})
17... Qc5 (17... Rh6 18. Rb3 Qc7 19. Nd4 {with strong preassure on all board})
18. c4 $5 {In return for the pawn, White has attacking chances against black's
exposed king.} ({Another promising possibility was} 18. Ng5 $5) 18... Bc6 (
18... d4 19. Ng5 {[%csl Rf7]}) (18... dxc4 19. Bxg6 (19. Ng5 Qxa3) (19. Bxc4 $5
) 19... fxg6 20. Ng5 Qe7 21. Rec1 $40) 19. cxd5 (19. Ng5 Qe7 20. Nxf7 $5 Qxf7
21. Bxg6 Qc7 22. cxd5 Rxd5 23. Rbc1 $36) 19... Rxd5 (19... Qxd5 20. Be4) 20.
Bxg6 (20. Be4 $5) 20... fxg6 {Here Black's pawn formation is seriously
compromised on the kingside} 21. Ng5 $6 (21. Qxg6 $140 Qe7 22. Rec1 $16 {
[%csl Gc8,Ge6,Gh5]}) 21... Qe7 22. Rec1 (22. Ne4 $5 {[%cal Ge4d6]}) 22... Rc5
$5 (22... Kd7 23. Nh3 $5 {[%cal Gh3f4]}) 23. Rxc5 Qxc5 24. Nxe6 Qc4 {[%csl Gc4,
Gc6]} 25. Ng5 Rd8 26. Qh3+ ({Perhaps White should have considered} 26. e6 Rd3
27. Qe5 Qd4 $13 (27... Qg4 28. f3 Qxh4 29. e7 Qd4+ 30. Qxd4 Rxd4 31. Rc1 $1 Kd7
32. Re1 Ke8 33. Ne6)) 26... Qg4 $5 27. Qxg4+ hxg4 {[%mdl 4096]} 28. e6 Rd2 (
28... g3 29. fxg3 Rd2 30. Re1 Kd8 $5 31. Re3 Rxg2+ 32. Kf1 $36) 29. Re1 Kd8 30.
e7+ (30. Re3 $5) 30... Ke8 31. Ne6 (31. Re3 Rd7) 31... Kxe7 32. Nd4+ Kd6 33.
Nxc6 Kxc6 34. Re4 b5 {The situation on the board has changed very quickly and
the arisen endgame is not safe for White.} (34... g3 $5 35. fxg3 b5 36. Rg4 Rd6
) 35. Rxg4 Rd6 36. f4 a5 37. f5 b4 (37... gxf5 38. Rxg7 b4 39. axb4 axb4 $17)
38. axb4 a4 $1 39. Kh2 Kb5 40. h5 gxf5 $2 {Terrible mistake.} ({Black should
have preferred} 40... a3 $19 {with the possible continuation.} 41. Rg5 $140
gxf5 42. Rxf5+ Kxb4 43. Rf4+ Kc3) 41. Rxg7 a3 42. Rf7 Kc4 {Amazingly, but
Black has already lost winning chances.} ({Maybe} 42... a2 $5 {with possible
continuation} 43. Rxf5+ Kxb4 44. Rf1 Kc3 (44... Ra6 45. Ra1 Kc3 46. g4 Kb2 47.
Rxa2+ Rxa2 48. h6 Kc3+ 49. Kg3 Kd4 50. Kf4 Rh2 51. g5 Kd5 52. Kf5 Kd6 $11) 45.
g4 Rb6 $13 {was better try for Black.}) 43. Rxf5 Rd5 (43... Ra6 $5) 44. Rf4+
Kb3 45. Rf3+ Kxb4 46. g4 $1 $18 Ra5 (46... a2 47. Rf1) 47. h6 Ra8 (47... a2 48.
Rf1 a1=Q 49. Rxa1 Rxa1 50. g5 $18) 48. g5 Rh8 49. Kg3 a2 50. Rf1 Kc4 51. Ra1
Ra8 {It is quite funny, that finally the rooks come to the place from where
they started to fight.} (51... Kb3 52. Kg4 Kb2 53. Rxa2+ Kxa2 54. Kh5 $18) 52.
h7 1-0

[Event "EU-chT (Men) 15th"]
[Site "Gothenburg"]
[Date "2005.08.02"]
[Round "4.1"]
[White "Ivanchuk, Vassily"]
[Black "Brynell, Stellan"]
[Result "1-0"]
[WhiteElo "2752"]
[BlackElo "2484"]
[Annotator "Psakhis,L"]
[PlyCount "59"]
[EventDate "2005.07.30"]
[EventType "team-swiss"]
[EventRounds "9"]
[EventCountry "SWE"]
[SourceTitle "CBM 109"]
[Source "ChessBase"]
[SourceDate "2005.11.14"]
[SourceVersion "1"]
[SourceVersionDate "2005.11.14"]
[SourceQuality "1"]
[WhiteTeam "Ukraine"]
[BlackTeam "Sweden III"]
[WhiteTeamCountry "UKR"]
[BlackTeamCountry "SWE"]

1. e4 e6 2. d4 d5 3. Nc3 Bb4 4. e5 c5 5. a3 Bxc3+ 6. bxc3 Ne7 7. Qg4 O-O 8. Bd3
f5 9. exf6 Rxf6 10. Bg5 Rf7 11. Qh5 g6 12. Qd1 Qa5 13. Bd2 Nbc6 14. Nf3 Qc7 {
[%cal Cd4c5,Ge6e5]} (14... c4 15. Be2 Nf5 (15... Bd7 16. O-O Kg7 $6 17. Qc1 Ng8
18. Bf4 Raf8 19. Bd6 (19. Be5+ Nxe5 20. Nxe5 Qxc3 21. Nxf7 Rxf7 22. Rb1 b6 23.
Qb2 Qxb2 24. Rxb2 Nf6 25. Bf3 Ne8 26. c3 Nc7 27. Rc1 Kf6 28. Re2 Nb5 {1-0
Bacrot,E (2664)-Jussupow,A (2589)/BL 0304 2003/ (70)}) 19... Qxc3 20. a4 $1 $16
{Topalov-Jussupow (Dortmund 1997)}) 16. O-O Nd6 17. Re1 (17. Qe1 Ne4 18. Ng5
Nxd4 19. cxd4 Nxd2 20. Nxf7 Kxf7 21. f3 Qc3 22. Qh4 Nxf1 23. Qxh7+ Kf8 24. Qh8+
Kf7 25. Rxf1 Qxc2 26. Bd1 Qf5 27. Qh7+ Kf8 28. Re1 a6 {1/2-1/2 Voss,M-Moissl,R/
corr 1993 (38)}) (17. Ng5 $5 {Psakhis,Huebner: '! Kindermann/Dirr'} Rf8 (17...
Re7 18. f4 Bd7 $11) 18. Re1 (18. f4 {1/2-1/2 Kovalev,A-Uhlmann,W/Porz
Citroen-Cup 1990 (18)}) 18... e5 19. dxe5 Nxe5 20. Be3 Bd7 21. Qd4 Rfe8 22.
Rad1 Bc6 23. Qf4 Nef7 24. Nxf7 Nxf7 25. Bd4 $36 {[%csl Gd4,Gf4] 1-0 Mrazik,
L-Abegg,B/Email 2000/ICCF tele 5/2001 (41)}) 17... Bd7 (17... Ne4 18. Bf1 Bd7 (
18... Nxc3 19. Qc1 Rxf3 20. gxf3 Nxd4 21. Re3 $18) (18... Rf5 19. Bh6 b5 20.
Re3 Nxc3 21. Qe1 Ne4 22. Rxe4 dxe4 23. Qxe4 Qc7 24. a4 Rb8 25. axb5 Nd8 26. Ne5
Rxb5 27. Bxc4 Rb4 28. Bb3 Qc3 29. Rd1 Nf7 30. Nxf7 Rxf7 31. h4 Qc7 32. h5 Qd7
33. Rd3 Rf5 34. g4 Rf6 35. Rc3 {1-0 Robson,N (2550)-Von Saleski,M (2050)/corr
2004/Telechess CBM 107}) 19. Rxe4 $1 dxe4 20. Ng5 Rf5 21. Nxe4 Qd5 22. g4 Rff8
23. Bg2 Qa5 24. Qe2 $14) 18. Ng5 $1 Re7 (18... Rf6 19. Bg4 $16 {#5Ed7}) 19. Bg4
Rae8 20. h4 (20. f4) 20... e5 21. Bxd7 Rxd7 22. h5 {1-0 Huebner,R (2612)
-Hammes,M (2377)/GER-ch Altenkirchen 2001/CBM 87/[Psakhis] (35)}) 15. dxc5 $5 (
15. O-O e5 $1 16. Nxe5 (16. Ng5 Rf8 17. c4 exd4 (17... cxd4 18. cxd5 Nxd5 19.
Bc4 Nce7 20. Bb3 h6 21. Ne4 Kh7 22. Re1 {1/2-1/2 Korneev,O (2602)-Rodriguez
Guerrero,E (2430)/Linares Anibal op 2005/}) 18. cxd5 Ne5 19. Be4 Ng4 20. g3 Nf6
21. Bf4 Qd7 22. d6 Ned5 23. Bxd5+ Nxd5 24. Be5 b6 25. Re1 Rf5 26. h4 Bb7 27.
Qg4 Qc6 28. Qh3 Re8 29. f4 Ne3 30. Re2 h6 31. h5 Bc8 32. Qh2 Rxg5 33. fxg5 Rxe5
34. hxg6 Rxg5 {0-1 Ernst,T (2459)-Brynell,S (2484)/SWE-ch Goeteborg 2005/})
16... Nxe5 17. dxe5 Qxe5 18. Re1 $5 $146 {An interesting novelty - White's
aims are to play Be3 and Qd2 and then get play for his two bishops. During the
game Black failed to find any convincing remedy.} (18. c4 Bf5 (18... d4 19. Qe1
Qxe1 20. Raxe1 Bf5 21. h3 Nc6 22. Bh6 Re7 23. Rxe7 Nxe7 24. g4 Bxd3 25. cxd3
Kf7 26. Kg2 b6 27. Bf4 Nc6 28. Re1 Rd8 29. Kg3 Rd7 30. h4 Rb7 31. h5 gxh5 32.
Rh1 Re7 {Aagaard,J-Akesson,J/Malmo SWE 20041-0}) 19. Bxf5 (19. Re1 Qf6 20. Qe2
Bxd3 21. cxd3 dxc4 22. dxc4 Nc6 23. Qe3 Nd4 24. Rac1 Raf8 25. f3 Qd6 26. Kh1
Rf5 27. Qe7 Qxe7 28. Rxe7 R5f7 29. Re3 Rd7 30. Be1 Kf7 31. Kg1 Re8 {1/2-1/2
Szabo,K (2394)-Farago,I (2455)/Budapest-12 GM 2004/}) 19... Nxf5 20. Re1 Qd4
21. cxd5 Qxd5 22. Bc3 Nd4 $13 {1/2-1/2 Stefansson,H-Potkin,V/Pardubice Czech
op 2000/ (38)}) 18... Qf6 19. Be3 b6 ({Of course, not} 19... d4 $2 20. cxd4
cxd4 21. Bh6 Qxf2+ 22. Kh1 $18 {- having won the pawn, Black falls behind a
fatal attack.} Bd7 23. Bg5 $1 Bc6 24. Qg4 {Material loss is inevitable for
Black.}) (19... Qxc3 20. Bg5 Nc6) 20. Qd2 Nf5 21. Bg5 Qc6 22. Re5 Bb7 23. Rae1
Nd6 24. f3 Re8 25. Rxe8+ Nxe8 26. c4 $1 {0-1 Bluvshtein,M (2502)-Barsov,A 
(2471)/Hastings 2005/Chess Today/[Vlassov] (48)}) 15... e5 16. Be2 $5 $146 (16.
Ng5 Rf8 (16... Rf6 17. c4 e4 18. Be2 Qe5 19. f4 exf3 20. Nxf3 Rxf3 21. gxf3 Bh3
22. Kf2 Nf5 23. Bg5 d4 24. Qd2 Qxc5 25. Bd3 Rf8 26. Rhb1 Nd6 27. Bh6 Rxf3+ 28.
Kxf3 {1/2-1/2 Gutsche,D (2490)-Mauro,L (2320)/corr 2003/Telechess CBM 95}) 17.
c4 e4 (17... d4 18. O-O Bf5 19. Re1) 18. cxd5 exd3 19. d6 Qd7 (19... Qb8 20.
dxe7 (20. cxd3) 20... Qe5+ 21. Kf1 (21. Be3 d2+) 21... Nxe7 22. cxd3 Qxc5 23.
Ne4) 20. dxe7 Qxe7+ 21. Be3 h6 (21... Bf5 22. cxd3 Rad8 23. Qb3+ Kh8 24. Qc3+
Qg7 25. Qxg7+ Kxg7 26. Rb1 Rd7 27. O-O Re8 (27... Bxd3 28. Ne6+) 28. Ne4 (28.
Rfd1 Ree7 29. Ne4 Rxd3) 28... Bxe4 29. dxe4 Rxe4 30. Rfd1 $16) (21... Rf5 22.
Nf3 (22. h4 h6 23. Nf3 Rd5 24. cxd3 Bg4 25. Qb3 Bxf3 26. gxf3 Qf7 27. Rg1 Rad8
28. Rb1 Ne5 29. Rg3 R8d7 30. Kf1 Nxf3 31. Qc4 Kh7 32. Qe4 Ne5 33. h5 Qf5 34.
hxg6+ Nxg6 35. Kg2 {1/2-1/2 Smirnov,P (2624)-Djachkov,S (2387)/RUS t-ch Sochi
2005/ (68)}) 22... Be6 (22... dxc2 23. Qxc2 Be6 24. Rd1 Bd5 25. Nd4 Nxd4 26.
Rxd4 Raf8 $44) 23. Nd2 (23. O-O dxc2 24. Qxc2 Rxf3 (24... Bd5 25. Nd2 Qh4 26.
h3 Raf8) 25. gxf3 Bd5 26. Qd1) 23... Bd5 24. O-O Ne5 25. cxd3 Nxd3 ({RR} 25...
Qh4) 26. Qg4 ({RR} 26. Qc2) 26... Nxc5 27. Rac1 Ne4 28. Nxe4 Qxe4 {1/2-1/2
Lutz,C (2614)-Jussupow,A (2645)/Bad Lauterberg (rapid) ) 2001/ [Lutz,Ch]}) 22.
Nf3 Kh7 23. Qxd3 (23. h4 Bf5 24. cxd3 Rad8 25. O-O Bxd3 26. Re1 Be4 27. Bd2
Rfe8 28. Qb3) 23... Bh3 24. gxh3 Rxf3 25. O-O-O (25. Rg1 Qg7 26. Rb1 Rf7 27.
Kf1 Rd8 28. Qc4 Nd4 29. Qc3 Nf3 {1/2-1/2 Cheparinov,I (2621)-Dochev,D (2357)/
BUL-ch Pleven 2005/ (48)}) 25... Rd8 26. Qb3 Rxd1+ 27. Rxd1 Rxh3 28. Rd6 Rxh2
29. Qd3 Rh1+ 30. Kb2 Qg7+ 31. c3 Ne5 32. Qd5 Rh5 {1/2-1/2 Korneev,O (2594)
-Gonzalez Garcia,J (2478)/Badalona op 2005/ (64)}) 16... Qa5 $6 (16... Bg4 17.
O-O (17. Ng5 Bxe2 18. Qxe2 Rf6 19. c4 $140 Nd4 $132) 17... e4 18. Nd4 Bxe2 19.
Qxe2 Nf5 $13) 17. c4 $1 Qxc5 18. O-O $5 {Ivanchuk offers a pawn sacrifice
which, if accepted gives him a tremendous initiative.} (18. cxd5 Nxd5 19. c4 e4
$5 20. cxd5 exf3 21. Bxf3 Nd4 $132) 18... Bf5 (18... dxc4 $143 19. Be3 Qb5 20.
a4 Qa6 21. Ng5 Rf8 22. Qd6 $36 {[%csl Rc4][%cal Gg5e6,Gd6c5]}) 19. Bb4 $1 {
White's initiative becomes more and more unpleasant.} Nxb4 (19... Qb6 20. cxd5
Nxb4 21. axb4 e4 22. Ne5 $16) 20. axb4 Qxb4 (20... Qd6 21. cxd5 (21. c3 $5)
21... e4 22. Ng5 Rf6 23. c4 h6 24. c5 $5 Qe5 (24... Qxd5 25. Qxd5+ Nxd5 26. Bc4
$18) 25. Bc4 hxg5 26. d6+ $16) 21. Nxe5 Rff8 (21... Rf6 $5 22. cxd5 Qe4 23. f4
Qxc2 24. d6 Qc5+ 25. Kh1 Rxd6 26. Qb3+ $16) 22. cxd5 Qc3 (22... Qd6 23. Bc4 (
23. Re1 $5 Qxe5 24. d6 Qc5 25. dxe7 Rfe8 26. Bf3 Rxe7 27. Bd5+ $18 Kh8 $140 28.
Ra5 $1) 23... b5 24. Bb3 $16) 23. Bc4 $1 Bxc2 {Now the material balance has
been restored, but Ivanchuk's advantage is beyond any doubt.} (23... Kg7 $5) (
23... Qxe5 24. d6+ Kg7 25. Re1 $18) 24. Qe1 $1 {This nice move yields White a
decisive advantage.} Qxe1 $8 25. Rfxe1 Kg7 {This move isn't the most stubborn
though Black's position is already very bad anyway} (25... Nf5 $8 26. Ra2 Nd4
27. d6+ Kg7 $16) 26. Ra2 $18 {[%csl Rc2,Re7]} Bf5 27. g4 Bc8 28. d6 Nc6 29.
Nxc6 bxc6 30. d7 $1 (30. d7 Bxd7 (30... Bb7 31. Re7+ Kf6 32. Rae2 {[%cal Of2f4,
Re7e8]}) 31. Re7+) 1-0

[Event "EU-Cup 18th"]
[Site "Kallithea"]
[Date "2002.09.26"]
[Round "5.4"]
[White "Macieja, Bartlomiej"]
[Black "Jacimovic, Dragoljub"]
[Result "0-1"]
[WhiteElo "2607"]
[BlackElo "2469"]
[Annotator "Psakhis,L"]
[PlyCount "96"]
[EventDate "2002.09.22"]
[EventType "team-swiss"]
[EventRounds "7"]
[EventCountry "GRE"]
[SourceTitle "CBM 092"]
[Source "ChessBase"]
[SourceDate "2003.02.06"]
[SourceVersion "1"]
[SourceVersionDate "2003.02.06"]
[SourceQuality "1"]
[WhiteTeam "Warsaw Polonia"]
[BlackTeam "Skopje Alkaloid"]
[WhiteTeamCountry "POL"]
[BlackTeamCountry "MKD"]

1. e4 e6 2. d4 d5 3. Nc3 Bb4 4. e5 c5 5. a3 Bxc3+ 6. bxc3 Qa5 7. Bd2 Qa4 8. Nf3
(8. Qg4 $142 $5) 8... b6 $5 (8... c4 $5 {is another popular option.}) 9. Qb1 (
9. Be2 Ba6 10. O-O Nd7 11. Bxa6 Qxa6 12. Ng5 h6 13. Qh5 g6 14. Qh3 Ne7 15. a4
Qc4 16. Nf3 Nf5 17. g4 Ne7 18. Ra3 Nc6 {Mork,K-Williams,S/Hampstead IM-B 1999/
0-1 (52)}) (9. dxc5 bxc5 10. c4 Ne7 11. cxd5 exd5 12. c4 Qxd1+ 13. Rxd1 d4 14.
Bd3 Nbc6 15. Rb1 Bg4 16. Be4 Rc8 17. Bf4 O-O 18. O-O Ng6 {Smith,A-Lalic,S/BCF
t-ch 0001 2001/ 0-1 (34)}) 9... Ba6 {It's clear that the exchange of the
light-squared bishops is favourable for Black.} 10. Bxa6 $146 (10. Qb3 Qxb3 11.
cxb3 Bxf1 12. Rxf1 f6 13. O-O-O Nd7 14. Rfe1 Kf7 15. Re2 Rc8 16. Kb2 Ne7 17. h4
Nc6 {Leppala,J-Kekki,J/FIN t-ch 1989/1-0 (52)}) 10... Qxa6 11. a4 {[%cal Gb1b5]
} Qc8 (11... Ne7 12. Qb5+ Nec6 13. dxc5 bxc5 14. c4 $1 $36) (11... Nd7 12. Qb5
Qc8) 12. Qb5+ (12. O-O $5) (12. a5 Nd7 13. axb6 axb6 14. Rxa8 Qxa8 15. O-O Ne7
$11) 12... Nd7 13. O-O Ne7 $11 14. Qd3 {[%cal Gf3g5]} h6 $1 15. Nh4 {[%cal
Gf2f5]} cxd4 (15... O-O 16. f4 f6 $5) 16. cxd4 Qc4 17. Qxc4 (17. Qg3 Qxd4 18.
Nf3 $140 Qe4) 17... dxc4 {[%csl Gd5]} 18. f4 ({Worth considering} 18. g3 $5 {
[%cal Gh4g2,Gg2e3] with the idea to bring knight on e3}) 18... g6 19. g3 (19.
g4 $2 h5) 19... Rc8 20. Ng2 Nb8 {Little bit too slow} ({Black could play} 20...
c3 $5 21. Bc1 Rc4 {with nice game.}) 21. Ne3 Nf5 22. d5 (22. c3 $5 Nxe3 23.
Bxe3 Nc6 24. g4 $140 Ne7) 22... Nxe3 23. Bxe3 exd5 24. Rfd1 ({Black hasn't
reasons to worry and after} 24. a5 Nc6 25. axb6 axb6 26. Bxb6 Kd7 $13) 24...
Nc6 $1 25. Rxd5 (25. c3 Rd8 {[%cal Ge8e6]}) 25... Nb4 26. Rd2 c3 {[%csl Gc3]}
27. Re2 Ke7 (27... Kd7 $5 28. a5 Kc6 29. axb6 axb6 30. Ra3 Nd5) 28. a5 Rhd8 29.
axb6 axb6 30. Rb1 {Macieja is trying to get winning chances and pushing too
hard.} ({with possible continuation} 30. Bxb6 $5 Rd2 31. Rxd2 cxd2 32. Ba5 Nd5
$5 33. Rd1 (33. Bxd2 Rxc2 $44) 33... Rxc2 34. Bxd2 (34. Rxd2 Rxd2 35. Bxd2 h5
$11) 34... Ke6 $44 {was good enough for a draw.}) 30... Rc4 31. Kf2 $6 (31.
Bxb6 $142 Rd2 32. Rxd2 cxd2 33. Ba5 $11) 31... Rb8 $1 32. Rd1 b5 (32... Nc6 $5)
33. f5 gxf5 34. Bxh6 Re4 $1 {[%csl Rc2]} 35. Be3 ({White could get more
chances for survival after} 35. Bg5+ $5 Ke6 $140 $4 36. Rd6+ Kxe5 37. Bf4#)
35... Rc8 $1 36. Rd6 (36. h4 $5) 36... Rxe5 37. Rb6 f6 {[%cal Ge7g6]} 38. h4
Kf7 {[%cal Gc8e8]} 39. h5 Rce8 $19 {[%cal Rb4d5] Very quickly White found
himself in lost position} 40. Rb7+ Kg8 41. Kf3 (41. Rd7 Nd5 42. Rxd5 Rxd5 $19)
41... Nd5 42. Rxb5 Rxe3+ 43. Rxe3 Rxe3+ 44. Kf2 Re5 45. Rb7 Ne3 46. Rc7 Re4 47.
h6 Kh8 48. Rc6 Ng4+ {The technical part of the game was greatly conducted by
Jacimovic} 0-1